000 00400nam a2200157Ia 4500
008 240729s9999 xx 000 0 und d
022 _a1880-6562
245 0 _aJournal of Physiological Sciences
260 _aUnited Kingdom
260 _bBMC
650 _a Physiology
650 _aScience
856 _uhttps://doaj.org/toc/c6dcd9714d6e48d6a12e3604026e6627
942 _2ddc
942 _cDOAJEJ
999 _c74322
_d74322
945 _a1
_bMadushi Gamage
_c1
_dMadushi Gamage